Responses for Show #6228 - Wednesday, October 19, 2011

Contestants

[<< previous game]

Lloyd Caesar, an office manager from Watervliet, New York

Liz Greenwood, a graduate student in economics originally from Wyomissing, Pennsylvania (whose 1-day cash winnings total $1,599)

Lanny Timan, a business manager from Chicago, Illinois (whose 2-day cash winnings total $17,600)

[next game >>]

Jeopardy! Round responses

TURNING 50 IN 2011
TV PRIVATE EYES
BIOLO"G"
AMERICA BEFORE THE REVOLUTION
PLUMBING
MAN IN THE MIDDLE
    $200 23
Ken

Lanny
    $200 14
Selleck

Lanny
    $200 1
gene

Lanny
    $200 6
Mount Vernon

Liz
    $200 11
an elbow

Liz
    $200 16
Jack

Liz
    $400 24
Barack Obama

Lloyd
    $400 15
Jim Rockford

Triple Stumper
    $400 2
gills

Lanny
    $400 7
the turkey

Lloyd
    $400 12
copper

Liz
    $400 17
Ray

Liz
    $600 25
Breakfast at Tiffany's

Liz
    $600 21
(Alex: Series was Moonlighting, and the actress was [*].)

Cybill Shepherd

Triple Stumper
    $600 3
gravity

Lanny
    $600 8
(Peter) Stuyvesant

Lanny
    $600 13
vents

Lloyd
    $600 18
Billy

Lloyd
    $800 26
(Lloyd: Who is John Glenn?)

Alan Shepard

Lloyd
Triple Stumper
    $800 29
(Alex: The series was Vega$; the actor was [*].)

Robert Urich

Triple Stumper
    $800 4
gastric

Liz
    $800 9
(College of) William & Mary

Liz
    $800 22
septic

Lanny
    $800 19
Mark

Liz
    $1000 27
(Alex: That is right, and it's known as the [**] for Nature in countries outside the United States.)

the WWF (the World Wildlife Fund)

Liz
    $1000 30
Veronica Mars

Liz
    $1000 5
germination

Liz
    $1,200 10
(Liz: What is the Plimouth Plantation?)

the Plymouth Colony

Liz
    $1000 28
a flush

Liz
    $1000 20
John

Lloyd

Scores at the first commercial break (after clue 15):

Lanny Liz Lloyd
$2,000 $2,200 $1,000

Scores at the end of the Jeopardy! Round:

Lanny Liz Lloyd
$3,000 $7,200 $2,200

Double Jeopardy! Round responses

PATRON SAINTS
THE ROCK & ROLL CALENDAR
BESTSELLERS
IT'S IN THE PAPERS
EXPORTS
"RIGHT" OR "LEFT"
    $400 6
the throat

Liz
    $400 23
(Lanny: Who is April Lavigne?)

Avril Lavigne

LannyLloyd
    $400 16
Ronald Reagan Jr.

Triple Stumper
    $400 18
Einstein

Lanny
    $400 1
coffee

Liz
    $400 9
left-handed

Lloyd
    $800 7
a hammer

Liz
    $800 27
November rain

Liz
    $800 17
Tom Clancy

Lloyd
    $800 19
the mafia

Lloyd
    $800 2
natural gas

Liz
    $800 10
righteousness

Liz
    $1200 8
dogs

Lloyd
    $1200 28
February

Liz
    $1200 24
Jaycee Dugard

Liz
    $1200 20
the Federalist Papers

Lloyd
    $1200 3
cocoa (or chocolate)

Lloyd
    $1200 11
cleft

Lloyd
    $2,000 14
St. Thomas Aquinas

Lloyd
    $1600 29
The Decemberists

Liz
    $1600 25
in the pits

Liz
    $4,000 21
the Pickwick Club

Lloyd
    $1600 4
Denmark

Lanny
    $1600 12
(Lloyd: [*]?)
...
(Alex: You forgot to phrase it in the form of a question, Lloyd.)

right with the world

LizLloyd
    $2000 15
Saint Anthony

Lanny
    $2000 30
October

Lloyd
    $2000 26
The Key to Rebecca

Lloyd
    $2000 22
[A subtitle credited the National Archives in Washington, D.C.]

Alger Hiss

Liz
    $2000 5
sea urchin

Lanny
    $2000 13
a shipwright

Lloyd

Scores at the end of the Double Jeopardy! Round:

Lanny Liz Lloyd
$8,600 $20,400 $19,800

[wagering suggestions for these scores]

Final Jeopardy! Round responses

THE 20th CENTURY
(Liz: [Upon reveal of her response] Good guys.)
[Laughter]
LannyWhat is the Allied Powers?
$7,599
LloydWhat is the United Nations
$2,559
LizWhat are good g ?
$19,200
United Nations

Final scores:

Lanny Liz Lloyd
$1,001 $1,200 $22,359
3rd place: $1,000 2nd place: $2,000 New champion: $22,359

Game dynamics:

Coryat scores:

Lanny Liz Lloyd
$8,600 $21,600 $17,000
11 R,
1 W
25 R,
1 W
(including 1 DD)
18 R
(including 2 DDs),
2 W

Combined Coryat: $47,200

[game clues] [game scores] [suggest correction]

Game tape date: 2011-08-30
The J! Archive is created by fans, for fans. Scraping, republication, monetization, and malicious use prohibited; this site may use cookies and collect identifying information. See terms. The Jeopardy! game show and all elements thereof, including but not limited to copyright and trademark thereto, are the property of Jeopardy Productions, Inc. and are protected under law. This website is not affiliated with, sponsored by, or operated by Jeopardy Productions, Inc. Join the discussion at JBoard.tv.